Statistics for 2021年东南亚百万人口城市

Click here to take the quiz!

General Stats

  • This quiz has been taken 275 times
  • The average score is 13 of 32

Answers on the Map

Answers color-coded by a green-red scale on the quiz's map according to % correct below.
 

Answer Stats

人口(万)城市% Correct
1,940曼谷
96%
1,060胡志明市
96%
790新加坡 / 新山
94%
403河内
94%
2,630马尼拉
93%
3,210雅加达
90%
915吉隆坡
89%
575仰光
89%
258金边
85%
705万隆
57%
218槟城
50%
121岘港
48%
615泗水
47%
160曼德勒
45%
160达沃
35%
278宿务
34%
174巨港
30%
408棉兰
27%
192望加锡
24%
228三宝垄
24%
197日惹
16%
158登巴萨
13%
140春武里
7%
176玛琅
6%
145巴淡
4%
117西冷
4%
165梭罗
2%
125北干巴鲁
2%
113井里汶
2%
152安赫勒斯
1%
122班达楠榜
1%
122加拉璜
0%

Score Distribution

Percentile by Number Answered

Percent of People with Each Score

Your Score History

You have not taken this quiz